Entry Personal Name
Number of records used in: 2
001 - CONTROL NUMBER
003 - CONTROL NUMBER IDENTIFIER
005 - DATE AND TIME OF LATEST TRANSACTION
- control field:
20191228120328.0
008 - FIXED-LENGTH DATA ELEMENTS
- fixed length control field:
090603n| acannaabn |a aaa
010 ## - LIBRARY OF CONGRESS CONTROL NUMBER
- LC control number:
nb2009013693
035 ## - SYSTEM CONTROL NUMBER
- System control number:
(Uk)007466588
040 ## - CATALOGING SOURCE
- Original cataloging agency:
Uk
- Language of cataloging:
eng
- Transcribing agency:
Uk
100 1# - HEADING--PERSONAL NAME
- Personal name:
Dash, Gyanindra,
- Dates associated with a name:
1965-
400 0# - SEE FROM TRACING--PERSONAL NAME
- Personal name:
Gyanindra Dash,
- Dates associated with a name:
1965-
670 ## - SOURCE DATA FOUND
- Source citation:
Rural employment and economic development, c2009:
- Information found:
t.p. (Gyanindra Dash) jkt. (b.1965)
670 ## - SOURCE DATA FOUND
- Source citation:
Agriculture and rural economy, c2009:
- Information found:
t.p. (Gyanindra Dash) jkt. (M.A., econ., Ravenshaw Coll., Cuttack, 1987; lect. of econ., Kendrapara Autonomous Coll., Kendrapara, Orissa)